Normal view
MARC view
Entry Término temático
001 - NÚMERO DE CONTROL
- campo de control: 167177
003 - IDENTIFICADOR DEL NÚMERO DE CONTROL
- campo de control: OSt
005 - FECHA Y HORA DE LA ÚLTIMA TRANSACCIÓN
- campo de control: 20220127160956.0
008 - DATOS DE LONGITUD FIJA
- campo de control de longitud fija: 220127|| aca||aabn | a|a d
040 ## - FUENTE DE LA CATALOGACIÓN
- Centro catalogador/agencia de origen: OSt
- Centro/agencia transcriptor: OSt
150 ## - ENCABEZAMIENTO--TÉRMINO DE MATERIA
- Término de materia o nombre geográfico como elemento de entrada: Scolytus multistriatus Hylurgopinus rufipes Olmo
- Subdivisión general: Plagas Scolytidae
670 ## - FUENTE DE DATOS ENCONTRADOS
- Cita de la fuente: Work cat.: (OSt)202139: Collins, Donald L 25277, Uninfected elm wood as a source of the bark beetle (Scolytus multistriatus Marsham) carrying the dutch elm disease pathogen /
